000
00238nam a2200109Ia 4500
005
20251222141909.0
008
251222s9999||||xx |||||||||||||| ||spa||
082
_a
415/P43
245
0
_a
Con Nombre Propio
264
_b
Promudeh
942
_c
LIB
999
_c
8336
_d
8336